Trouvez l'artiste - Œuvres du XXe siècle - Statistiques

Statistiques générales
  • Ce quiz a été pris 90 fois
  • Le résultat moyen est 7 sur 16
Statistiques - réponses
Par images Réponse % Correct
Pablo Picasso
97%
Salvador Dali
95%
Frida Kahlo
87%
Gustav Klimt
87%
Amedeo Modigliani
48%
Jackson Pollock
48%
Jean-Michel Basquiat
43%
Marc Chagall
43%
Bernard Buffet
37%
Otto Dix
35%
Robert Delaunay
30%
Francis Bacon
25%
Fernand Léger
22%
Alberto Giacometti
14%
Max Ernst
14%
Martial Raysse
9%
Aucun quiz correspondant
Distribution des résultats
% des personnes avec chaque résultat
Percentile par nombre de réponses
Votre historique - résultats
Vous n’avez pas pris ce quiz